Регионална библиотека "Любен Каравелов" - Русе

Къмпинг на три морета (Запис номер 109605)

MARC детайли
000 -Лидер
Контролно поле с фиксирана дължина 02113nam a2200457 c 4500
003 - Код на организацията, давaща контролен номер
Контролно поле BLK
005 - Дата и час на последна редакция
Контролно поле 20200827165150.0
008 - Елементи от данни с фиксирана дължина
fixed length control field 180409b bul|||||r ||||||| ||bul||
010 ## - Наследен системен номер
LC control number KNG00114922000
020 ## - Международен стандартен номер на книга ISBN
Международен стандартен номер на книга ISBN 954-92411-4-3
-- издат.: Бук Бутик
040 ## - Източник на каталожния запис
Идентификатор на билиотеката - собственик на записа BLK
041 ## - Код за език
Код за езика на текст/звукозапис или на отделно заглавие Български
Код за езика КДБФ Български
072 #7 - Код за тематичната категория
Код организация bullib
Код за тематична категория Н79
Текст Спорт Н
080 ## - УДК
Текстов определител УДК Къмпинг. Лагеруване
УДК код - определител по УДК 796.54
УДК определител (036)
УДК - код + определител 796.54(036)
080 ## - УДК
Текстов определител УДК Социография. Социално положение. Условия на политическия и социалния живот. Социално и социално-икономическо положение на отделните страни, народи, раси. Социална география. (Общи въпроси)
УДК код - определител по УДК 308
УДК определител (497)(036)
УДК - код + определител 308(497)(036)
139 ## - Редно поле
Редна дума Къмпинг на три морета
Авторски знак Към - К 96
245 10 - Сведения за заглавието
Заглавие Къмпинг на три морета
Подзаглавни данни България, Гърция, Турция, Хърватия
Редно поле (дума) фотогр. Атанас Паскалев.
257 ## - Страна на издаване
Страна на създаване/издаване България
260 ## - Област на издателските данни
-- София
Име на издателя, разпространителя и проч. Бук Бутик
Година на издаване 2010
Печатница София : Дедракс
300 ## - Физическа характеристика
Страници 168 с.
Илюстрации и др. с цв. ил.
Размери/Мащаб 20 см
380 ## - Жанр
Жанр 793/799 Спорт
490 1# - СЕРИИ (Колекции)
Име на серия Поредица Пътеводител на българския пътешественик
№: серия 4
500 ## - Общи забележки
Забележка Подзагл. означено на кор.
650 #4 - Допълнително описание по предмет – тема
Основно описание – тема или топоним Туризъм - Балкански полуостров - пътеводители
9 (RLIN) 311599
651 #4 - Допълнително описание по предмет - топоним
Географско понятие Балкански полуостров
9 (RLIN) 178567
651 #4 - Допълнително описание по предмет - топоним
Географско понятие България
9 (RLIN) 241624
651 #4 - Допълнително описание по предмет - топоним
Географско понятие Гърция
9 (RLIN) 248438
651 #4 - Допълнително описание по предмет - топоним
Географско понятие Турция
9 (RLIN) 179691
651 #4 - Допълнително описание по предмет - топоним
Географско понятие Хърватия
9 (RLIN) 179753
653 ## - Ключова дума – ненормативна
Ключова дума туризъм
653 ## - Ключова дума – ненормативна
Ключова дума къмпинги
653 ## - Ключова дума – ненормативна
Ключова дума Балкански полуостров
653 ## - Ключова дума – ненормативна
Ключова дума пътеводители
659 ## - Тематичен бюлетин
Тематичен бюлетин Н
700 1# - Други автори (авторска отговорност)
Лично име Паскалев, Атанас
Автороска отговорност (Описва отношението между автора и произведението) фотогр.
9 (RLIN) 375664
852 ## - Местоположение
Форматна сигнатура Цб 255280
856 4# - Електронен адрес и достъп
Електронен формат pdf - файл
Път до файла /url/
856 4# - Електронен адрес и достъп
Електронен формат pdf - файл
Път до файла /url/
942 ## - АРТИКУЛИ
Вид на библиотечния материал Книги
Скрит в OPAC Не
Koha issues (borrowed), all copies 1
944 ## - СЪЗДАВАНЕ И РЕДАКЦИЯ на ЗАПИСА
Създаване/Редакция Създаване
Дата на регистрацията/редакция 06.06.2012
Статус, дата на статуса ф /
Служител, извършил регистрацията/редакцията Милена_Ачева
944 ## - СЪЗДАВАНЕ И РЕДАКЦИЯ на ЗАПИСА
Създаване/Редакция Редакция
Дата на регистрацията/редакция 13.03.2017
Статус, дата на статуса ф /
Служител, извършил регистрацията/редакцията Людмила_Стоянова
999 ## - СИСТЕМНИ КОНТРОЛНИ НОМЕРА
Koha biblionumber 109605
Koha biblioitemnumber 109605
Наличности
Код за отписване Код за изгубен артикул Код за повреда Коз за рестрикции Код за отдаване Артикулен № Име на библиотеката - собственик Име на библиотеката, в която се намира в момента Статус (Текущо местоположение) Дата на вписване в системата Местоположение - отдел Цена в лева Инвентарен номер Систематично азбучна сигнатура Баркод Номер на екземпляра Цена в евро Служебна бележка Служебен тип на артикула
  Не е изгубен Не е повреден без рестрикции ползва се в читалня 176567 Регионална библиотека "Любен Каравелов" Русе Регионална библиотека "Любен Каравелов" Русе Хранилище 2012-06-06 Хранилище 8.00 120000758082 Цб 255280 120000758082 1 4.09 Дост: Dp Вид: Д N: 20 Дата: 17.05.2011 Книги
Изтеглен Не е изгубен Не е повреден без рестрикции заемане за дома 176568 Регионална библиотека "Любен Каравелов" Русе Регионална библиотека "Любен Каравелов" Русе Заемна - подръчен фонд 2017-01-10 Заемна - подръчен фонд 8.00 120000807604 П 796.5/К 96 120000807604 2 4.09 Дост: DA Вид: А N: 1 Дата: 10.01.2017 Дата инв: 08.02.2018 Бележки инв: П2018 Книги
Vip Innovations Ltd, Rousse, Bulgaria 2025